| 000 | 00963nam a2200289Ia 4500 | ||
|---|---|---|---|
| 003 | OSt | ||
| 005 | 20221005041118.0 | ||
| 006 | a|||||r|||| 00| 0 | ||
| 007 | ta | ||
| 008 | 221004b |||||||| |||| 00| 0 eng d | ||
| 020 |
_a9788171105304 (hbk) _c450 |
||
| 024 | _a23611 | ||
| 037 |
_b209, 02/12/2015, Vidyanidhi Prakashan _cTextual |
||
| 040 |
_aCRL _cCRL _beng |
||
| 041 |
_2eng _aeng |
||
| 082 | _aDelta2:864xDVA,3, Q5 | ||
| 100 |
_aMishra Pankaj K. Ed. _9589506 |
||
| 245 | 0 | _aBrhajjatakam of varaha Mihira | |
| 260 |
_aDelhi _bParimal Publication India _c2015 |
||
| 300 |
_axiv, 458p. _ccm. |
||
| 490 | _aParimal sanskrit series; no. 138 | ||
| 650 | _aSPIRITUALISM | ||
| 700 |
_a Krishna 'Jugnu' Ed. _9589507 |
||
| 700 |
_a Vijnanand Tr. _9589508 |
||
| 942 |
_hDelta2:864xDVA,3, Q5 _cTEXL _2cc |
||
| 999 |
_c947991 _d947991 |
||